000 00620cam a22002053a 4500
001 39495
003 PGUSA
005 20140828083858.0
008 120421s2012||||xxu|||||s|||||000 | eng d
040 _aPGUSA
_beng
042 _adc
100 1 _aQueensland
245 1 0 _aOur First Half-Century :
_bA Review of Queensland Progress Based Upon Official Information
_h[electronic resource] /
_cQueensland
260 _bProject Gutenberg,
_c2012
506 _aPublic domain in the USA.
516 _aElectronic text
830 0 _aProject Gutenberg
_v39495
856 4 0 _uhttp://www.gutenberg.org/ebooks/39495
942 _cEB
999 _c268748
_d268748